Vida y obras de San Juan de la Cruz / (Record no. 85439)

MARC details
000 -LEADER
campo de control de longitud fija 00856nam a2200229 i 4500
001 - NÚMERO DE CONTROL
campo de control 85439
003 - IDENTIFICADOR DE NÚMERO DE CONTROL
campo de control ES-MaACL
005 - FECHA Y HORA DE LA ÚLTIMA TRANSACCIÓN
campo de control 20251214063015.0
007 - CAMPO FIJO DE DESCRIPCIÓN FÍSICA--INFORMACIÓN GENERAL
campo de control de longitud fija t|
008 - DATOS DE LONGITUD FIJA--INFORMACIÓN GENERAL
campo de control de longitud fija 041129s1960 sp ||||1| spa d
100 0# - ENTRADA PRINCIPAL--NOMBRE DE PERSONA
Nombre de persona Juan de la Cruz,
Títulos y otros términos asociados al nombre Santo,
Fechas asociadas al nombre 1542-1591
9 (RLIN) 67110
245 10 - MENCIÓN DEL TÍTULO
Título Vida y obras de San Juan de la Cruz /
Mención de responsabilidad, etc. biografía por Crisógono de Jesús ; revisión del texto póstumo por Matías del Niño Jesús.
250 ## - MENCION DE EDICION
Mención de edición 4ª ed.
260 ## - PUBLICACIÓN, DISTRIBUCIÓN, ETC.
Lugar de publicación, distribución, etc. Madrid :
Nombre del editor, distribuidor, etc. Biblioteca de Autores Cristianos,
Fecha de publicación, distribución, etc. 1960.
300 ## - DESCRIPCIÓN FÍSICA
Extensión XV, 1217 p. ;
Dimensiones 18 cm.
490 1# - MENCIÓN DE SERIE
Mención de serie Biblioteca de autores cristianos ;
Designación de volumen o secuencia 15
700 0# - ENTRADA AGREGADA--NOMBRE PERSONAL
Nombre de persona Crisógono de Jesús Sacramentado (
Fechas asociadas al nombre 1904-1945)
9 (RLIN) 41621
700 1# - ENTRADA AGREGADA--NOMBRE PERSONAL
Nombre de persona Matías del Niño Jesús.
9 (RLIN) 79064
830 00 - PUNTO DE ACCESO ADICIONAL DE SERIE-TÍTULO UNIFORME
Título uniforme Biblioteca de autores cristianos
Designación de volumen o secuencia 15
9 (RLIN) 178679
852 ## - LOCALIZACIÓN
Ubicación ES-MaACL
Número de control de estantería C-18899
Sublocalización o colección R.46592
Holdings
Estatus retirado Estado de pérdida Estado de daño No para préstamo Biblioteca de origen Biblioteca actual Ubicación en estantería Fecha de adquisición Fuente de adquisición Total de préstamos Signatura topográfica completa Código de barras Visto por última vez Precio de reemplazo Tipo de ítem Koha
        Biblioteca del Ateneo de Madrid Biblioteca del Ateneo de Madrid Galería 17/01/2008     C-18899 1089282 23/02/2023 23/02/2023 Libro impreso